Gracie Abrams - I know it won't work (Lyrics) - Statistics

General Stats
  • This quiz has been taken 480 times
  • The average score is 341 of 410
Answer Stats
Answer % Correct
I
100%
know
98%
a
97%
won't
97%
won't
97%
it
97%
it?
97%
won't?
97%
won't
97%
work
96%
you
96%
You
96%
me
95%
me,
95%
that
95%
that,
95%
That
95%
and
94%
And
94%
back
93%
back,
93%
But
93%
but
93%
to
93%
when
93%
like
92%
of
92%
want
92%
your
92%
the
91%
The
91%
part
90%
wants
90%
we
90%
really
89%
walk
89%
away
88%
different
85%
we're
85%
hate
84%
In
84%
look
84%
try
84%
'til
83%
'til
83%
you're
83%
All
82%
all
82%
at
82%
face
82%
feeling
82%
listen
82%
here
81%
on
81%
'Cause
80%
'Cause
80%
if
79%
left
79%
Why
79%
for
78%
make
78%
easy
76%
empty
75%
I'm
75%
leaving
75%
moving
75%
never
75%
closet
74%
cut
74%
What
74%
might
73%
my
73%
case
72%
extra
72%
huh?
72%
keep
72%
love
72%
stay
72%
ties,
72%
out
71%
this
71%
don't
70%
How
70%
once?
70%
twenties
70%
until
70%
come
69%
through
69%
will
69%
year
69%
am
68%
not
66%
supposed
66%
resent
65%
gently?
64%
put
62%
throughout
62%
it's
61%
now,
61%
time
61%
down
60%
is
60%
Heard
59%
road
59%
haunted
57%
house
56%
Worth
55%
ghost
54%
had
53%
half
52%
I've
52%
off,
52%
off
52%
saving?
52%
So,
52%
thought
52%
breath
51%
decade
51%
pacing
51%
was
51%
right
50%
Tried
50%
whole
50%
anxious
49%
complicated,
49%
fading
47%
lot
47%
stop
47%
Holding
46%
Just
46%
shine
46%
facade
45%
I'll
44%
brush
43%
up
42%
open
41%
tough
41%
call
40%
honest
40%
wish
40%
better
39%
fall
39%
everything
38%
being
37%
Seemed
37%
wasn't
37%
apart,
34%
thinking
33%
No matching quizzes found
Score Distribution
Percent of People with Each Score
Percentile by Number Answered
Your Score History
You have not taken this quiz